00268 a2200109 4500001000700000020000600007040001100013100002200024240005400046245004900100362000900149163622 a  cMagnum aMurad, Jose Elias10aAbraco: contra as drogas - e a favor da vidalpor10aAbraco: contra as drogas - e a favor da vida0 a1899